00642nam a22002177a 450000500170000001000130001702000220003003500130005203700160006504000120008108200150009310000160010824500510012424600060017526000450018127000420022630000250026850000500029365000400034365000410038320170124105935.0 aA-297182 c00.00a8170240794 aA-943880 bCen Lib/Ret aDPLbEN a334.5bGIR aGiri, H. N. aConsumers, crimes and the law /cby H. N. Giri b  bAshish Publishing Housec1987aNew Delhi bNew Delhia8/81, Banjabi Baghe110026 axxiv,349p.c21cm(Hb) aIncludes bibliographical references and index aProducts liability -- Food -- India aProducts liability -- Drugs -- India